[Event "Montaiguillon rapid 1st"]
[Site "Montagne"]
[Date "2019.09.08"]
[Round "5"]
[White "Roubert, Emile"]
[Black "Daulyte Cornette, Deimante"]
[Result "0-1"]
[WhiteElo "2014"]
[BlackElo "2412"]
[PlyCount "74"]
[EventDate "2019.09.08"]
[EventType "swiss (rapid)"]
[EventRounds "9"]
[EventCountry "FRA"]
[SourceTitle "EXT 2020"]
[Source "ChessBase"]
[SourceDate "2019.10.17"]
[SourceVersion "1"]
[SourceVersionDate "2019.10.17"]
[SourceQuality "1"]

1. e4 Nf6 2. e5 Nd5 3. c4 Nb6 4. d4 d6 5. exd6 cxd6 6. Nc3 g6 7. Be3 Bg7 8. Rc1 0-0 9. b3 Bf5 10. Nf3 d5 11. c5 Nc8 12. Be2 Nc6 13. 0-0 Bg4 14. h3 Bxf3 15. Bxf3 e6 16. a3 N8e7 17. Qd2 Nf5 18. Ne2 Nh4 19. b4 Nxf3+ 20. gxf3 e5 21. Rfd1 exd4 22. Nxd4 Ne5 23. f4 Nc4 24. Qe2 Qd7 25. Qf3 Rad8 26. f5 Nxe3 27. fxe3 Rfe8 28. c6 bxc6 29. Nxc6 Bh6 30. Nxd8 Bxe3+ 31. Kh1 Bxc1 32. Nxf7 Be3 33. fxg6 hxg6 34. Nh8 Kxh8 35. Qf6+ Qg7 36. Qh4+ Bh6 37. Rxd5 Qa1+ 0-1

[Event "Avoine op 34th"]
[Site "Avoine"]
[Date "2019.07.20"]
[Round "1"]
[White "Roubert, Emile"]
[Black "Msellek, Ilyass"]
[Result "0-1"]
[WhiteElo "2045"]
[BlackElo "2237"]
[PlyCount "84"]
[EventDate "2019.07.20"]
[EventType "swiss"]
[EventRounds "9"]
[EventCountry "FRA"]
[SourceTitle "EXT 2020"]
[Source "ChessBase"]
[SourceDate "2019.10.17"]
[SourceVersion "1"]
[SourceVersionDate "2019.10.17"]
[SourceQuality "1"]

1. e4 c5 2. c3 d6 3. d4 Nf6 4. Bd3 e5 5. Nf3 Nc6 6. h3 Be7 7. d5 Nb8 8. Nbd2 Nbd7 9. a4 Nf8 10. Nc4 Ng6 11. g3 h6 12. b4 cxb4 13. cxb4 Nh7 14. Bd2 0-0 15. Ne3 Bf6 16. Rc1 Bd7 17. Kf1 Ne7 18. h4 Nc8 19. Kg2 g6 20. h5 Bg7 21. Nh4 Ne7 22. hxg6 fxg6 23. Ng4 g5 24. Nf5 Nxf5 25. exf5 Bxf5 26. Bxf5 Rxf5 27. Qc2 Qf8 28. Be3 Qf7 29. Qe4 h5 30. Rxh5 Rf8 31. Rch1 Qg6 32. f3 Nf6 33. Nh6+ Qxh6 34. Rxh6 Nxe4 35. fxe4 Rf3 36. Bxa7 Bxh6 37. Rxh6 R3f6 38. Rxf6 Rxf6 39. Bb8 Kf7 40. a5 Ke7 41. b5 Rf8 42. a6 bxa6 0-1

[Event "Barcelona Sants op-A18th"]
[Site "Barcelona"]
[Date "2016.08.19"]
[Round "1"]
[White "Roubert, Emile"]
[Black "Lujan, Carolina"]
[Result "0-1"]
[WhiteElo "2038"]
[BlackElo "2378"]
[PlyCount "60"]
[EventDate "2016.08.19"]
[EventType "swiss"]
[EventRounds "10"]
[EventCountry "ESP"]
[SourceTitle "CBM 174 Extra"]
[Source "ChessBase"]
[SourceDate "2016.10.10"]
[SourceVersion "1"]
[SourceVersionDate "2016.10.10"]
[SourceQuality "1"]

1. e4 d6 2. d4 Nf6 3. Nc3 g6 4. g3 Bg7 5. Bg2 0-0 6. Nge2 c6 7. a4 a5 8. 0-0 Na6 9. h3 e5 10. Be3 Nb4 11. Na2 exd4 12. Bxd4 Re8 13. Nac3 b6 14. Re1 Ba6 15. Qd2 Qc7 16. Rac1 Rab8 17. g4 Qe7 18. Ng3 c5 19. Be3 Rbd8 20. Bg5 Qf8 21. Qf4 Re6 22. e5 dxe5 23. Rxe5 Rd4 24. Nce4 Nfd5 25. Rxd5 Nxd5 26. Qf3 f5 27. gxf5 gxf5 28. Nd2 Rg6 29. Be3 Nxe3 30. fxe3 Rxd2 0-1

[Event "Cap d'Agde CCAS op"]
[Site "Cap d'Agde"]
[Date "2013.10.26"]
[Round "1"]
[White "Pile, Richard"]
[Black "Roubert, Emile"]
[Result "1-0"]
[WhiteElo "2393"]
[BlackElo "2064"]
[PlyCount "48"]
[EventDate "2013.10.26"]
[EventType "swiss"]
[EventRounds "9"]
[EventCountry "FRA"]
[SourceTitle "EXT 2016"]
[Source "ChessBase"]
[SourceDate "2015.10.08"]
[SourceVersion "1"]
[SourceVersionDate "2015.10.08"]
[SourceQuality "1"]

1. e4 e5 2. Nf3 Nc6 3. Bb5 a6 4. Ba4 Nf6 5. d3 b5 6. Bb3 Bc5 7. a4 Rb8 8. axb5 axb5 9. c3 0-0 10. 0-0 d6 11. h3 Bb6 12. Na3 Na5 13. Bc2 c6 14. d4 Qe7 15. b4 Nb7 16. Re1 Bd7 17. Bg5 Rfd8 18. c4 bxc4 19. Nxc4 Bc7 20. Ra6 exd4 21. Nxd4 c5 22. e5 dxe5 23. Bxf6 Qxf6 24. Rxf6 gxf6 1-0

[Event "FRA-ch U26"]
[Site "Nantes"]
[Date "2013.03.23"]
[Round "2"]
[White "Sebag, Marie"]
[Black "Roubert, Emile"]
[Result "1-0"]
[WhiteElo "2504"]
[BlackElo "2180"]
[PlyCount "59"]
[EventDate "2013.03.23"]
[EventType "swiss"]
[EventRounds "9"]
[EventCountry "FRA"]
[SourceTitle "CBM 153 Extra"]
[Source "ChessBase"]
[SourceDate "2013.04.22"]
[SourceVersion "1"]
[SourceVersionDate "2013.04.22"]
[SourceQuality "1"]

1. e4 e5 2. Nf3 Nc6 3. Bb5 a6 4. Ba4 Nf6 5. 0-0 Be7 6. Re1 b5 7. Bb3 d6 8. c3 0-0 9. h3 Na5 10. Bc2 c5 11. d4 Nd7 12. dxc5 dxc5 13. Nbd2 Qc7 14. Nf1 Nb6 15. N3h2 Be6 16. Ng3 Rfd8 17. Qf3 Nac4 18. b3 Nd6 19. Ng4 Bxg4 20. Qxg4 Bf8 21. f4 exf4 22. Bxf4 Qd7 23. Qf3 f6 24. e5 fxe5 25. Bxe5 Qf7 26. Qg4 Nd5 27. Rf1 Qd7 28. Qh5 g6 29. Bxg6 hxg6 30. Qh8# 1-0

[Event "FRA-ch U20"]
[Site "Troyes"]
[Date "2010.04.14"]
[Round "5"]
[White "Favarel, Antoine"]
[Black "Roubert, Emile"]
[Result "1-0"]
[WhiteElo "2231"]
[BlackElo "1925"]
[PlyCount "109"]
[EventDate "2010.04.11"]
[EventType "swiss"]
[EventRounds "9"]
[EventCountry "FRA"]
[SourceTitle "EXT 2012"]
[Source "ChessBase"]
[SourceDate "2011.11.24"]
[SourceVersion "1"]
[SourceVersionDate "2011.11.24"]
[SourceQuality "1"]

1. e4 e5 2. Nf3 Nc6 3. Bb5 a6 4. Bxc6 dxc6 5. d4 exd4 6. Qxd4 Qxd4 7. Nxd4 Bd7 8. 0-0 0-0-0 9. Be3 Bd6 10. Nd2 c5 11. N4b3 b6 12. Nc4 Bc6 13. f3 Be7 14. Rfd1 f6 15. Bf4 h5 16. Rxd8+ Kxd8 17. Rd1+ Kc8 18. Ne3 g5 19. Bg3 h4 20. Bf2 Bd6 21. Nd2 Ne7 22. Ndc4 Rd8 23. g3 hxg3 24. Bxg3 Bxg3 25. Rxd8+ Kxd8 26. hxg3 Ng6 27. Kf2 Kd7 28. Ng4 Ke6 29. Nce3 Ne7 30. Nh6 Be8 31. Nhg4 f5 32. exf5+ Nxf5 33. Nxf5 Kxf5 34. Ke3 Bd7 35. Nf2 Be6 36. g4+ Kg6 37. a3 Bd5 38. f4 gxf4+ 39. Kxf4 a5 40. Nd3 c4 41. Ne5+ Kg7 42. c3 b5 43. Nf3 Kg6 44. Nd4 c6 45. Nf5 Bh1 46. Nd6 Bd5 47. Nb7 a4 48. Nd6 Bg2 49. Nf5 Bh1 50. g5 Kf7 51. Nd4 Kg6 52. Ne6 Bd5 53. Ke5 Bh1 54. Kd6 Bd5 55. Nf4+ 1-0

[Event "Pau op"]
[Site "Pau"]
[Date "2009.02.27"]
[Round "7"]
[White "Roubert, Emile"]
[Black "Darrigues, Alain"]
[Result "0-1"]
[WhiteElo "1934"]
[BlackElo "2012"]
[PlyCount "94"]
[EventDate "2009.02.24"]
[EventType "swiss"]
[EventRounds "9"]
[EventCountry "FRA"]
[SourceTitle "CBM 129 Extra"]
[Source "ChessBase"]
[SourceDate "2009.05.05"]
[SourceVersion "2"]
[SourceVersionDate "2009.05.20"]
[SourceQuality "1"]

1. e4 c5 2. Nf3 Nc6 3. c3 Nf6 4. e5 Nd5 5. d4 cxd4 6. cxd4 d6 7. Bc4 Nb6 8. Bb5 dxe5 9. Nxe5 Bd7 10. Nxd7 Qxd7 11. Nc3 e6 12. 0-0 Rd8 13. a4 Be7 14. a5 Nd5 15. a6 b6 16. Qa4 Rc8 17. Nxd5 Qxd5 18. Be3 0-0 19. Rac1 Nb4 20. Rc3 Qa8 21. Bd7 Rxc3 22. bxc3 Nd5 23. Bd2 Rd8 24. c4 Nf6 25. Bc6 Qb8 26. Be3 Ng4 27. g3 h5 28. Qd1 e5 29. d5 f5 30. Bd2 g6 31. Qc1 Bc5 32. Bg5 Rf8 33. Qd2 Qd6 34. h3 Nf6 35. Bh6 Rf7 36. Qe2 Ne4 37. Kh2 Rh7 38. Be3 Re7 39. f3 Nxg3 40. Kxg3 f4+ 41. Kh2 Bxe3 42. Qd3 Kg7 43. Rb1 Kh6 44. Rb2 e4 45. fxe4 f3+ 46. Kh1 Qf4 47. Qf1 f2 0-1

[Event "Naujac op"]
[Site "Naujac"]
[Date "2008.06.24"]
[Round "4"]
[White "Roubert, Emile"]
[Black "Lewis, John"]
[Result "1/2-1/2"]
[WhiteElo "1839"]
[BlackElo "2137"]
[PlyCount "82"]
[EventDate "2008.06.21"]
[EventType "swiss"]
[EventRounds "9"]
[EventCountry "FRA"]
[SourceTitle "CBM 125 Extra"]
[Source "ChessBase"]
[SourceDate "2008.09.01"]
[SourceVersion "1"]
[SourceVersionDate "2008.09.01"]
[SourceQuality "1"]

1. e4 c5 2. Nf3 Nc6 3. c3 Nf6 4. e5 Nd5 5. d4 cxd4 6. cxd4 d6 7. exd6 Qxd6 8. Nc3 g6 9. Bc4 Be6 10. Qb3 0-0-0 11. 0-0 Na5 12. Qa4 Nxc4 13. Qxc4+ Qc7 14. Qa4 Nxc3 15. bxc3 a6 16. Ne5 Bg7 17. Bf4 g5 18. Bg3 Bxe5 19. Bxe5 Qc4 20. Qxc4+ Bxc4 21. Bxh8 Bxf1 22. Be5 Bc4 23. f3 h5 24. Bg3 Rd5 25. Be1 Rb5 26. Bd2 f6 27. Bc1 Rb6 28. Kf2 Re6 29. Be3 Rb6 30. Bc1 Kd7 31. Ba3 a5 32. Re1 e6 33. Ra1 Ke8 34. Ke3 Kf7 35. Kd2 Kg6 36. Kc2 f5 37. g3 f4 38. gxf4 g4 39. fxg4 hxg4 40. Bc5 Rb5 41. a4 Rb3 1/2-1/2

[Event "Creon op 12th"]
[Site "Creon"]
[Date "2007.08.02"]
[Round "5"]
[White "Rabascall, Jacques"]
[Black "Roubert, Emile"]
[Result "1-0"]
[WhiteElo "2023"]
[BlackElo "1801"]
[PlyCount "75"]
[EventDate "2007.07.30"]
[EventType "swiss"]
[EventRounds "9"]
[EventCountry "FRA"]
[SourceTitle "CBM 119 Extra"]
[Source "ChessBase"]
[SourceDate "2007.09.04"]
[SourceVersion "1"]
[SourceVersionDate "2007.09.04"]
[SourceQuality "1"]

1. e4 e5 2. Nc3 Nf6 3. Nf3 Nc6 4. d4 exd4 5. Nxd4 Bb4 6. Nxc6 bxc6 7. Bd2 0-0 8. Bd3 Re8 9. 0-0 Bxc3 10. Bxc3 Nxe4 11. Bd4 d5 12. f3 Nf6 13. Re1 Bd7 14. Qd2 Rxe1+ 15. Rxe1 Ne8 16. Qf2 a5 17. Qg3 f6 18. Qh4 h6 19. Qh5 f5 20. Qg6 Nf6 21. Bc5 Be8 22. Qxf5 Qd7 23. Qf4 Bf7 24. Re7 Qd8 25. g4 Qf8 26. Qxc7 Re8 27. a4 d4 28. Rxe8 Qxe8 29. Qe7 Qxe7 30. Bxe7 Nd5 31. Bd8 Nf4 32. Be4 c5 33. Bxa5 c4 34. Bc7 Ne2+ 35. Kf2 d3 36. cxd3 cxd3 37. Bxd3 Nc1 38. Bc2 1-0

[Event "Creon op 12th"]
[Site "Creon"]
[Date "2007.07.31"]
[Round "2"]
[White "Roubert, Emile"]
[Black "Daurelle, Herve"]
[Result "0-1"]
[WhiteElo "1801"]
[BlackElo "2249"]
[PlyCount "52"]
[EventDate "2007.07.30"]
[EventType "swiss"]
[EventRounds "9"]
[EventCountry "FRA"]
[SourceTitle "CBM 119 Extra"]
[Source "ChessBase"]
[SourceDate "2007.09.04"]
[SourceVersion "1"]
[SourceVersionDate "2007.09.04"]
[SourceQuality "1"]

1. e4 e5 2. Nf3 Nc6 3. d4 exd4 4. Bc4 Nf6 5. e5 d5 6. Bb5 Ne4 7. Nxd4 Bc5 8. Be3 Bd7 9. Bxc6 bxc6 10. 0-0 Qe7 11. f3 Nd6 12. f4 Nc4 13. Bc1 Rb8 14. b3 Bg4 15. Qd3 Be2 16. Qc3 Bxf1 17. Kxf1 Bxd4 18. Qxd4 c5 19. Qxd5 Rd8 20. Qxc4 Rd1+ 21. Ke2 Rxc1 22. Qb5+ Qd7 23. Qb8+ Ke7 24. Qxh8 Rxc2+ 25. Kf3 Qd3+ 26. Kg4 Rxg2+ 0-1

[Event "FRA-chT2A 0506"]
[Site "France"]
[Date "2006.01.15"]
[Round "6.7"]
[White "Legrand, Heloise"]
[Black "Roubert, Emile"]
[Result "1/2-1/2"]
[WhiteElo "2063"]
[BlackElo "1870"]
[PlyCount "95"]
[EventDate "2005.10.27"]
[EventType "team-tourn"]
[EventRounds "11"]
[EventCountry "FRA"]
[SourceTitle "EXT 2006"]
[Source "ChessBase"]
[SourceDate "2005.11.24"]
[SourceVersion "1"]
[SourceVersionDate "2005.11.24"]
[SourceQuality "1"]
[WhiteTeam "Tours"]
[BlackTeam "Bordeaux Echecs"]
[WhiteTeamCountry "FRA"]
[BlackTeamCountry "FRA"]

1. e4 e5 2. Nf3 Nc6 3. d4 exd4 4. Nxd4 Bc5 5. Be3 Qf6 6. c3 Nge7 7. Be2 d5 8. Qd3 Nxd4 9. cxd4 Bb6 10. e5 Qf5 11. Nd2 Qxd3 12. Bxd3 Nf5 13. Nb3 0-0 14. Rc1 Nh4 15. 0-0 Bf5 16. Be2 Be6 17. Nc5 Nf5 18. Rfd1 Nxe3 19. fxe3 Rab8 20. Na4 Ba5 21. Rc5 b6 22. Rcc1 Bd7 23. Nc3 c6 24. a3 b5 25. b4 Bb6 26. Bf3 Ra8 27. e4 dxe4 28. Nxe4 Rfd8 29. Nc5 Be8 30. Nb3 Rac8 31. Kh1 Kf8 32. Nc5 Rc7 33. Rd3 Bxc5 34. Rxc5 Rcd7 35. d5 cxd5 36. Kg1 Re7 37. Rdxd5 Rxd5 38. Rxd5 Bc6 39. Rc5 Bxf3 40. gxf3 Rb7 41. Kf2 Ke7 42. Ke3 Kd7 43. Kd4 Rb6 44. Kd5 a6 45. Ke4 Rc6 46. Rd5+ Ke7 47. Rd3 Ke6 48. Rd4 1/2-1/2

[Event "FRA-chT2A 0506"]
[Site "France"]
[Date "2005.12.04"]
[Round "4.7"]
[White "Lebreton, Flavien"]
[Black "Roubert, Emile"]
[Result "1-0"]
[WhiteElo "1933"]
[BlackElo "1870"]
[PlyCount "77"]
[EventDate "2005.10.27"]
[EventType "team-tourn"]
[EventRounds "11"]
[EventCountry "FRA"]
[SourceTitle "EXT 2006"]
[Source "ChessBase"]
[SourceDate "2005.11.24"]
[SourceVersion "1"]
[SourceVersionDate "2005.11.24"]
[SourceQuality "1"]
[WhiteTeam "Sautron"]
[BlackTeam "Bordeaux Echecs"]
[WhiteTeamCountry "FRA"]
[BlackTeamCountry "FRA"]

1. d4 d5 2. Nf3 Nf6 3. c4 e6 4. Nc3 c5 5. cxd5 Nxd5 6. e4 Nxc3 7. bxc3 Be7 8. Be2 Nd7 9. 0-0 0-0 10. Ne1 b6 11. f4 Bb7 12. Bd3 c4 13. Bc2 Nf6 14. Qe2 Qc7 15. Rf3 Qc6 16. e5 Nd5 17. Rh3 g6 18. Bd2 b5 19. Nf3 b4 20. Ng5 bxc3 21. Bc1 Ba3 22. Bxa3 Nxf4 23. Qf3 Qxf3 24. Rxf3 Bxf3 25. Nxf3 Rfd8 26. Kf2 a5 27. Rd1 Nd5 28. Be4 Rab8 29. Bxd5 exd5 30. Rc1 Rb2+ 31. Bxb2 cxb2 32. Rb1 c3 33. Ne1 Rc8 34. Nc2 Rc4 35. Ke3 Kf8 36. Kd3 Ke7 37. Ne3 Ke6 38. Nxc4 dxc4+ 39. Kxc3 1-0